[Event "Hamburg SKA"]
[Site "Hamburg"]
[Date "1991.07.06"]
[Round "9"]
[White "Wirthensohn, Heinz"]
[Black "Khalifman, Alexander"]
[Result "0-1"]
[WhiteElo "2460"]
[BlackElo "2640"]
[Annotator "Stohl,I"]
[PlyCount "124"]
[EventDate "1991.06.27"]
[EventType "tourn"]
[EventRounds "13"]
[EventCountry "GER"]
[EventCategory "11"]
[SourceTitle "CBM 024"]
[Source "ChessBase"]
[SourceDate "1991.10.01"]
[SourceVersion "1"]
[SourceVersionDate "1991.10.01"]
[SourceQuality "1"]

1. d4 d6 2. e4 Nf6 3. Nc3 g6 4. Nf3 Bg7 5. Be3 O-O (5... c6 6. Qd2 Bg4 7. O-O-O
Qa5 8. h3 Bxf3 9. gxf3 Nbd7 10. f4 b5 11. e5 b4 12. exf6 bxc3 13. Qxc3 Qxc3 14.
fxg7 $1 Qxe3+ 15. fxe3 Rg8 16. Bg2 Rc8 17. Rd3 e6 18. Ra3 $14 {Emms,J-Norwood,
D,Eastbourne GB-ch 1990}) 6. Qd2 Bg4 (6... Nc6 $5 7. d5 Nb4 8. a3 Na6 9. Bxa6
bxa6 10. Bh6 Rb8 11. Bxg7 Kxg7 12. Nd4 Qe8 13. O-O-O e5 14. dxe6 fxe6 15. e5
dxe5 16. Nb3 Bb7 17. f3 $13 {Emms,J-Speelman,J,London LB 1990}) 7. Ng5 $6 (7.
O-O-O c6 8. Bh6 b5 9. Bxg7 Kxg7 10. Qf4 b4 11. e5 Bxf3 12. exf6+ exf6 13. Qxf3
bxc3 14. Qxc3 Qb6 15. h4 h5 $13 {Hebden,M-Walker,D,Eastbourne ch-GB 1990}) 7...
Nc6 8. h3 Bd7 9. d5 (9. Be2 e5 10. d5 Nd4 $1 $146) 9... Nb4 10. Nf3 (10. a3 Na6
{/\c6<=>}) 10... c6 11. Be2 (11. a3 Na6 12. Be2 Nc5 $1 $36) 11... cxd5 12. Nxd5
(12. exd5 Qa5 13. Rd1 Bf5 14. Nd4 Ne4 $1 15. Nxe4 Bxe4 $17) 12... Na6 $10 13.
Nxf6+ Bxf6 14. Nd4 $6 (14. c3 Bc6 15. Qc2 $10 {/\} Nc5 $6 16. e5) 14... Nc5 15.
Bf3 Qb6 16. b3 Qa6 $1 $36 17. b4 Ne6 18. a4 Qc4 (18... Bxa4 $2 19. b5 $18) 19.
Be2 Qc7 20. c4 a5 $1 {><c5,c4} 21. b5 $8 Nxd4 22. Bxd4 Bxd4 23. Qxd4 Rac8 24.
O-O Qc5 25. Qd2 b6 $15 26. Qb2 Qe5 (26... f6 $5 {/\Qe5}) 27. Qxe5 dxe5 28. Rac1
{/\c5!} Rc5 29. Rfd1 Be6 30. Rd2 Rfc8 31. Rdc2 Kg7 (31... g5 $5 32. Bg4 Bxg4
33. hxg4 Rd8 $15) 32. f3 $6 (32. h4 $142) 32... g5 $1 {><g2,h3,e2} 33. Kf2 h5
34. Ke3 h4 35. Bf1 Kf8 36. Be2 Ke8 37. Bf1 f6 38. Be2 Rd8 {/\Rd4} 39. Rd2 Rdc8
40. Rdc2 Rd8 41. Rd2 Rd6 $1 42. Rxd6 $6 (42. Bf1 $15) 42... exd6 43. Kd2 (43.
Bd3 d5 $1 44. exd5 Bxd5 $17) 43... f5 $36 44. Bd3 (44. exf5 $142 $5 Bxf5 45.
Bd3) 44... fxe4 45. fxe4 {><e4} Ke7 $17 46. Be2 Rc8 47. Bd3 $6 (47. Ke3 Rf8 $17
) 47... g4 48. hxg4 Rg8 $1 49. Rf1 Rxg4 50. Rf2 Rf4 $1 $19 51. Ke3 (51. Re2 Bg4
$19) (51. Rxf4 exf4 $19 {/\Kf6-e5}) 51... Rxf2 52. Kxf2 Bg4 {/\Bd1} 53. Bc2 (
53. Be2 Bxe2 54. Kxe2 Kf6 55. Ke3 Kg5 56. Kf3 Kh5 $19) 53... Kf6 54. Ke3 Kg5
55. Bb3 $8 Bd7 (55... Be6 $1 56. Kf3 Bf7 57. Ba2 Bh5+ 58. Ke3 Kg4 $19) 56. Kf3
Bc8 57. Bc2 (57. Ba2 Bg4+ {/\Bd1}) 57... Bd7 58. Bb3 Bc8 59. Bc2 Be6 $1 60. Bb3
Bg4+ (60... Bf7 $19) 61. Ke3 Bh5 62. Bc2 (62. Ba2 Kg4) 62... Bf7 {Stohl,I} (
62... Bf7 63. Bd3 Kg4 64. Be2+ Kg3 65. Bf1 Be6 $19) 0-1

[Event "Hamburg SKA"]
[Site "Hamburg"]
[Date "1991.07.12"]
[Round "13"]
[White "Wegner, Hannu"]
[Black "Khalifman, Alexander"]
[Result "0-1"]
[WhiteElo "2435"]
[BlackElo "2640"]
[Annotator "Ftacnik,L"]
[PlyCount "82"]
[EventDate "1991.06.27"]
[EventType "tourn"]
[EventRounds "13"]
[EventCountry "GER"]
[EventCategory "11"]
[SourceTitle "CBM 024"]
[Source "ChessBase"]
[SourceDate "1991.10.01"]
[SourceVersion "1"]
[SourceVersionDate "1991.10.01"]
[SourceQuality "1"]

1. d4 Nf6 2. c4 e6 3. Nf3 d5 4. Bg5 Bb4+ 5. Nc3 dxc4 6. e4 c5 7. Bxc4 cxd4 8.
Nxd4 Bxc3+ 9. bxc3 Qa5 10. Bb5+ Nbd7 11. Bxf6 Qxc3+ 12. Kf1 gxf6 13. h4 a6 (
13... Ke7 14. Rh3 Qa5 15. Rb1 Rd8 16. Qc1 Ne5 17. f4 $40 {Lobron,E-Yudasin,L/
Muenchen/1991/ ->CBM 23}) 14. Rc1 Qb4 15. Be2 O-O 16. Rh3 Kh8 17. Rg3 Rg8 18.
Rcc3 Ne5 19. Rxg8+ Kxg8 20. Rg3+ Kf8 $1 21. Nf3 $6 (21. Nf5 Bd7 22. Nh6 $40) (
21. f4) (21. h5 $5) 21... Nc6 22. e5 fxe5 23. Nxe5 Qd4 24. Nd3 e5 $1 25. Qc1
Qxh4 26. Kg1 Bf5 27. Nxe5 Rc8 (27... Nxe5 $2 28. Qc5+ Qe7 29. Rg8+) 28. Qb2 Qb4
29. Rb3 (29. Nd7+ Bxd7 30. Qg7+ Ke7 31. Re3+ Kd8 $19) 29... Qe1+ 30. Kh2 Qxf2
31. Nxc6 Qf4+ 32. Kg1 Rxc6 $1 33. Qh8+ Ke7 34. Rxb7+ Bd7 35. Bf3 $8 Qe3+ 36.
Kh2 Qf4+ 37. Kg1 Qe3+ 38. Kh2 Rh6+ 39. Kg3 Rg6+ 40. Kh2 Rh6+ 41. Kg3 Qe1+ {
Ftacnik,L} (41... Qe1+ 42. Kf4 Rf6+ 43. Qxf6+ Kxf6 44. Rxd7 Qe5+ 45. Kg4 Qf5+
$19) 0-1

[Event "World Cup"]
[Site "Reykjavik"]
[Date "1991.??.??"]
[Round "2"]
[White "Speelman, Jonathan S"]
[Black "Khalifman, Alexander"]
[Result "1/2-1/2"]
[WhiteElo "2630"]
[BlackElo "2630"]
[Annotator "Speelman,J"]
[PlyCount "53"]
[EventDate "1991.09.??"]
[EventType "tourn"]
[EventRounds "15"]
[EventCountry "ISL"]
[EventCategory "16"]
[SourceTitle "CBM 026"]
[Source "ChessBase"]
[SourceDate "1992.02.01"]
[SourceVersion "1"]
[SourceVersionDate "1992.02.01"]
[SourceQuality "1"]

1. d4 Nf6 2. c4 e6 3. Nc3 Bb4 4. e3 c5 5. Nge2 cxd4 6. exd4 d5 7. c5 Ne4 8. Bd2
Nxd2 9. Qxd2 a5 10. a3 Bxc3 11. Nxc3 a4 12. Bd3 b6 13. cxb6 Qxb6 14. O-O Bd7
15. Rfe1 O-O (15... Qxd4 $4 16. Rxe6+ $1) 16. Bc2 Bc6 (16... Nc6 $2 17. Qd3 $1
g6 18. Bxa4) 17. Re3 Nd7 18. Rg3 Rfc8 (18... Rfb8) 19. Rd1 $6 (19. h4 $1) 19...
Nf8 20. h4 Qc7 21. h5 h6 $1 22. Re1 Kh8 23. Qd1 Qd7 24. Ne2 Bb5 25. Nc3 Bc6 26.
Ne2 Bb5 27. Nc3 (27. Nf4 $2 Qc7 $1 28. Qg4 f5 29. Ng6+ (29. Qh4 Qxc2 30. Rxg7
Kxg7 31. Qe7+ Kg8 32. Nxe6 Ra7 $1 $19) 29... Kg8 (29... Nxg6 30. Qxg6 Be8 31.
Qxe6 Qxc2 32. Qe7 Rc7 33. Qf8+ Kh7 34. Rxe8 Qd1+ 35. Kh2 Qxh5+ $19) 30. Bxf5
exf5 31. Qxf5 $19) 1/2-1/2

[Event "World Cup"]
[Site "Reykjavik"]
[Date "1991.??.??"]
[Round "3"]
[White "Khalifman, Alexander"]
[Black "Portisch, Lajos"]
[Result "1/2-1/2"]
[WhiteElo "2630"]
[BlackElo "2570"]
[Annotator "Kortschnoj,V"]
[PlyCount "69"]
[EventDate "1991.09.??"]
[EventType "tourn"]
[EventRounds "15"]
[EventCountry "ISL"]
[EventCategory "16"]
[SourceTitle "CBM 026"]
[Source "ChessBase"]
[SourceDate "1992.02.01"]
[SourceVersion "1"]
[SourceVersionDate "1992.02.01"]
[SourceQuality "1"]

1. d4 {Ftacnik} Nf6 2. c4 e6 3. g3 d5 4. Bg2 Be7 5. Nf3 O-O 6. O-O dxc4 7. Na3
Bxa3 8. bxa3 Bd7 $5 {8...Sc6,8...Sd5} 9. Ne5 Bc6 10. Nxc6 Nxc6 11. Bb2 Nd5 12.
Rb1 $1 {Subtle move.The rook belongs to the b-line,the other goes to the c- or
d-line.} Nb6 13. e3 Qd6 14. Qc2 Rfd8 15. Rfd1 Rab8 16. e4 e5 {16...c3 17.Lc3
Da3=+,17.Dc3 Sa4=,17.e5! Dd7 18.Lc3+=,17...De7 18.Dc3+=} 17. d5 Nd4 18. Bxd4
exd4 19. Rxd4 c6 {19...Da3!?} 20. a4 Qc5 {N} (20... cxd5 {Ftacnik} 21. exd5 g6
$6 22. a5 Qc5 23. Qc3 Nxd5 24. Qxc4 Qxc4 25. Rxc4 $14 {Krasenkov-Flear,G/Paris/
1990/}) 21. Qc3 cxd5 (21... Nxa4 {Ftacnik} 22. Qxc4 Qxc4 23. Rxc4 Nb6 24. dxc6
$5 Nxc4 25. c7 Rdc8 26. cxb8=Q Rxb8 $10) 22. exd5 Rbc8 23. Rb5 Qe7 (23... Nxa4
{Ftacnik} 24. Rxc5 Nxc3 25. Rdxc4 Rxc5 26. Rxc5 Nxa2 $10) 24. a5 Na4 25. Qc2
Qe1+ (25... Qe5 $6 {Ftacnik} 26. Rh4 $1) 26. Bf1 Nc3 27. Rxb7 Nxd5 (27... Re8 {
Ftacnik} 28. Kg2 $1) 28. Rxc4 $6 {28.Df5! Se7 29.Td8 Td8 3o.Dc5 Sg6 31.Dc4 or
28...Sf6 29.Tc7! Tc7 30.Td8 Se8 31.Db1! would leave black in a difficult
position without counterplay} (28. Re4 $1 {Ftacnik} Qxa5 29. Bxc4 $16) 28...
Ne3 $1 29. fxe3 Rxc4 30. Qxc4 Qxe3+ 31. Kg2 Rd2+ 32. Kh3 Qh6+ 33. Kg4 Qg6+ 34.
Kh3 {34.Kf3 Df6 35.Ke3 Df2 36.Ke4 De1,or 35.Df4 Dc3 36.De3 Df6 -black's attack
pro vides him at least a draw.} (34. Kf3 {Ftacnik} Qf6+ 35. Ke4 g6 36. Bd3 Qf5+
37. Kd4 Qf6+ 38. Kc5 Qe5+ 39. Kc6 Qf6+ $13) 34... Qh6+ 35. Qh4 {Ftacnik,L} (35.
Qh4 {Ftacnik} Qe6+ 36. Qg4 $10) 1/2-1/2

[Event "World Cup"]
[Site "Reykjavik"]
[Date "1991.??.??"]
[Round "5"]
[White "Khalifman, Alexander"]
[Black "Beliavsky, Alexander G"]
[Result "1-0"]
[WhiteElo "2630"]
[BlackElo "2655"]
[Annotator "Ernst,T"]
[PlyCount "128"]
[EventDate "1991.09.??"]
[EventType "tourn"]
[EventRounds "15"]
[EventCountry "ISL"]
[EventCategory "16"]
[SourceTitle "CBM 026"]
[Source "ChessBase"]
[SourceDate "1992.02.01"]
[SourceVersion "1"]
[SourceVersionDate "1992.02.01"]
[SourceQuality "1"]

1. e4 e5 2. Nf3 Nc6 3. Bb5 a6 4. Ba4 Nf6 5. O-O Be7 6. Re1 b5 7. Bb3 d6 8. c3
O-O 9. h3 Na5 10. Bc2 c5 11. d4 Bb7 12. d5 Nc4 $5 {Eine Spezialvariante des
bekannten russischen Grossmeisters Romanischin.} 13. b3 Nb6 14. a4 c4 (14...
bxa4 15. bxa4 a5 16. Na3 Ba6 17. Be3 Nfd7 18. Rb1 $16) 15. bxc4 Nxc4 16. Na3
Qc7 17. Nxc4 Qxc4 18. Qd3 $1 $16 Qxd3 19. Bxd3 Nd7 20. Be3 f5 21. exf5 Nf6 22.
axb5 axb5 23. Bxb5 Nxd5 24. Bd7 Nxc3 25. Rac1 Ra3 (25... Nd5 26. Rb1 $18) 26.
Bg5 Bf6 (26... Bxg5 27. Be6+ Kh8 28. Nxg5 Bc8 29. Re3 Bxe6 30. fxe6 Rc8 31. e7
Ne2+ 32. Kh2 Nxc1 33. Nf7+ Kg8 34. Nd8 $18) 27. Bxf6 gxf6 28. Re3 Na2 (28...
Bc8 29. Bc6 Na2 30. Bd5+ Kh8 31. Rxc8 $18) 29. Be6+ Kh8 30. Rc7 Rxe3 31. fxe3
Bxf3 32. gxf3 Nb4 33. Kf2 d5 34. Kg3 d4 35. exd4 exd4 36. Kg4 Na6 37. Rd7 Nc5
38. Rd5 Nb7 39. Rxd4 Rd8 40. Rc4 Nd6 41. Rc7 Ne8 42. Rf7 Rd4+ 43. f4 Nd6 44.
Ra7 Nb5 45. Ra8+ Kg7 46. Kh5 h6 47. Rg8+ Kh7 48. Re8 Kg7 49. Re7+ Kf8 50. Rf7+
Ke8 51. Kg6 Nd6 52. Rd7 Kf8 53. Kxh6 (53. Kxf6 Ne4+ 54. Kg6 Rxd7 55. Bxd7 $18)
53... Rd2 54. h4 Rd1 55. h5 Rd2 56. Kh7 Rd1 57. h6 Rd2 58. Rg7 Rh2 59. Rg6 Ne8
60. Rg8+ Ke7 61. Rg4 Nd6 62. Kg7 Ne8+ 63. Kg6 Kf8 64. Rg1 Nd6 1-0

[Event "World Cup"]
[Site "Reykjavik"]
[Date "1991.??.??"]
[Round "7"]
[White "Khalifman, Alexander"]
[Black "Hjartarson, Johann"]
[Result "1/2-1/2"]
[WhiteElo "2630"]
[BlackElo "2550"]
[Annotator "Hjartarson,J"]
[PlyCount "85"]
[EventDate "1991.09.??"]
[EventType "tourn"]
[EventRounds "15"]
[EventCountry "ISL"]
[EventCategory "16"]
[SourceTitle "CBM 026"]
[Source "ChessBase"]
[SourceDate "1992.02.01"]
[SourceVersion "1"]
[SourceVersionDate "1992.02.01"]
[SourceQuality "1"]

1. e4 c5 2. Nf3 d6 3. d4 cxd4 4. Nxd4 Nf6 5. Nc3 a6 6. Be2 e6 7. O-O Be7 8. f4
O-O 9. Kh1 Qc7 10. a4 Nc6 11. Be3 Re8 12. Bd3 Nb4 13. a5 Bd7 14. Qe1 Bc6 15.
Qg3 Nxd3 16. cxd3 Rac8 (16... Nd7 17. Nf3 Bf6 18. Qf2 g6 19. Nd2 Bg7 20. Nc4 (
20. d4 $5) 20... Bb5 $10 {Arnason,J-Polugaevskij, Haninge 1989}) 17. Nf3 Bf8 (
17... Nd7 18. Bd4 Bf6 19. Rfc1 $14) 18. Bd4 Qe7 19. e5 (19. Rae1 Nh5 20. Qg4
Nxf4 21. Bxg7 $1 Bxg7 22. Qxf4 $14) (19. Qh3 $14) 19... Nh5 20. Qg4 g6 $15 21.
Ne4 Bxe4 22. dxe4 Rc4 $2 (22... f5 23. exf6 $8 Nxf6 24. Bxf6 Qxf6 25. e5 Qf5
$15) 23. Rae1 $1 Rd8 (23... dxe5 24. Bxe5 f5 $13) 24. Bc3 dxe5 (24... d5 25.
Nd2 Ra4 26. exd5 Rxd5 27. Ne4 Qd8 $1 {/\ Be7}) 25. Nxe5 Ra4 26. Qf3 $14 Bg7 27.
f5 exf5 28. exf5 Qc7 {/\ Rf4} (28... Rf4 $4 29. Nxg6 $18) 29. fxg6 fxg6 30. g3
$1 Nf6 $8 31. Nxg6 hxg6 32. Bxf6 Rf8 33. Qd5+ Qf7 34. Qd1 (34. Qxf7+ Rxf7 35.
Bxg7 Rxf1+ 36. Rxf1 Kxg7 $10 {>< a5,b2}) 34... Ra1 $1 35. Qxa1 Qd5+ 36. Kg1
Bxf6 37. h4 Qd4+ $8 (37... Bd4+ $2 38. Kh2 Bf2 39. Qd1 $18) 38. Kg2 Qd2+ 39.
Kh3 Qd7+ 40. Kg2 Qd2+ 41. Kh3 (41. Rf2 Qxf2+ 42. Kxf2 Bxb2+ $10) 41... Qd7+ 42.
Kh2 Qd2+ 43. Kh3 1/2-1/2

[Event "World Cup"]
[Site "Reykjavik"]
[Date "1991.??.??"]
[Round "14"]
[White "Khalifman, Alexander"]
[Black "Timman, Jan H"]
[Result "1-0"]
[WhiteElo "2630"]
[BlackElo "2630"]
[Annotator "Anand,V"]
[PlyCount "55"]
[EventDate "1991.09.??"]
[EventType "tourn"]
[EventRounds "15"]
[EventCountry "ISL"]
[EventCategory "16"]
[SourceTitle "CBM 026"]
[Source "ChessBase"]
[SourceDate "1992.02.01"]
[SourceVersion "1"]
[SourceVersionDate "1992.02.01"]
[SourceQuality "1"]

1. e4 e6 2. d4 d5 3. Nd2 Nc6 4. Ngf3 Nf6 5. e5 Nd7 6. Be2 f6 7. exf6 Nxf6 (7...
Qxf6 8. Nf1) 8. O-O Bd6 9. c4 $1 b6 $2 (9... O-O 10. c5 Be7 11. Bb5 $14) 10.
cxd5 exd5 11. Bb5 Bd7 12. Re1+ Ne7 13. Bxd7+ Qxd7 14. Ne5 $16 Qf5 15. Qa4+ Kf8
16. Nf1 Bxe5 17. dxe5 (17. Rxe5 Qd7 18. Qd1 $16) 17... Ng4 18. Bf4 c5 19. Ng3
Qe6 20. Bg5 Nh6 21. f4 $1 {Now whichever knight goes to f5 white captures the
other one with advantage} Nef5 22. Bxh6 gxh6 23. Nxf5 Qxf5 24. Qc6 Kg7 25. Qxd5
Qxf4 26. Re4 $18 Qf5 27. Qb7+ Kg6 28. Rf1 1-0

[Event "World Cup"]
[Site "Reykjavik"]
[Date "1991.??.??"]
[Round "15"]
[White "Ehlvest, Jaan"]
[Black "Khalifman, Alexander"]
[Result "0-1"]
[WhiteElo "2605"]
[BlackElo "2630"]
[Annotator "Ribli,Z"]
[PlyCount "42"]
[EventDate "1991.09.??"]
[EventType "tourn"]
[EventRounds "15"]
[EventCountry "ISL"]
[EventCategory "16"]
[SourceTitle "CBM 026"]
[Source "ChessBase"]
[SourceDate "1992.02.01"]
[SourceVersion "1"]
[SourceVersionDate "1992.02.01"]
[SourceQuality "1"]

1. Nf3 Nf6 2. c4 e6 3. g3 d5 4. Bg2 dxc4 5. Ne5 Qd4 6. f4 Nbd7 (6... a6 $5 7.
e3 Qa7 8. Nxc4 b5 9. Ne5 Bb7 $13) 7. Qa4 Bd6 (7... Rb8 8. Nc3 a6 9. Qxc4 Qd6
10. d4 c5 11. Be3 b5 12. Qd3 c4 13. Qc2 $14 {Ilijc-Petrosjan,A Novi Sad 1988
46/12}) (7... Ne4 8. e3 Nec5 9. Qxc4 Qxc4 10. Nxc4 e5 11. Ke2 $10 {Vukic,
M-Luther,T Graz 1991 EXP/22}) (7... Qc5 8. Na3 c6 9. Nxd7 Nxd7 10. Qxc4 e5 11.
d3 Qb4+ 12. Qxb4 Bxb4+ 13. Bd2 Bxd2+ 14. Kxd2 exf4 15. gxf4 Nb6 16. b3 Be6 17.
Nc4 $14 {Wojkiewicz,A-Kohlweyer,B Wien op 1990 CBM/21}) 8. e3 (8. Nxc4 $5 O-O
$10) 8... Qc5 9. Nxc4 b5 10. d4 Qf5 11. Qa5 (11. Nxd6+ cxd6 12. Qb4 Rb8 13.
Qxd6 Bb7 $44) 11... Rb8 12. Nxd6+ cxd6 13. Qxa7 $2 (13. Na3 $1 a6 14. Bd2 $13)
13... h5 $1 14. Nc3 b4 15. Nd1 h4 16. Nf2 hxg3 17. hxg3 Rxh1+ 18. Bxh1 Qb5 19.
Bd2 Ba6 20. O-O-O Qa4 21. Bxb4 Rxb4 0-1

[Event "Reggio Emilia-A 9192 34th"]
[Site "Reggio Emilia"]
[Date "1992.??.??"]
[Round "3"]
[White "Anand, Viswanathan"]
[Black "Khalifman, Alexander"]
[Result "1/2-1/2"]
[WhiteElo "2650"]
[BlackElo "2630"]
[Annotator "Schussler,H"]
[PlyCount "57"]
[EventDate "1991.12.??"]
[EventType "tourn"]
[EventRounds "9"]
[EventCountry "ITA"]
[EventCategory "18"]
[SourceTitle "CBM 027"]
[Source "ChessBase"]
[SourceDate "1992.04.01"]
[SourceVersion "1"]
[SourceVersionDate "1992.04.01"]
[SourceQuality "1"]

1. e4 e5 2. Nf3 Nc6 3. Bb5 a6 4. Ba4 Nf6 5. O-O Be7 6. Re1 b5 7. Bb3 O-O 8. c3
d5 9. exd5 Nxd5 10. Nxe5 Nxe5 11. Rxe5 c6 12. d4 Bd6 13. Re2 {Popular now.} Qh4
(13... Bg4 14. f3 Bh5 15. Qf1 (15. Bxd5 cxd5 16. Nd2 f5 17. Qb3 Bf7 18. Nf1 f4
$10 {Kamsky,G-Ivanchuk,V, Linares 1991.}) 15... Bg6 16. Qf2 Qc7 $13) 14. g3 Qh3
15. Nd2 (15. f3 $5 Bf5 16. c4 {Rantanen,Y-Hellers,F, Finland-Sweden 1990.} bxc4
17. Bxc4 h5 $13 {(Wedberg)}) 15... Bf5 16. a4 Bd3 $5 (16... Rae8 17. Rxe8 Rxe8
18. Nf1 b4 $5 {18. - h5 []} 19. c4 Nf6 20. c5 Bc7 21. Bc4 a5 22. Bd2 $14 {
Wahls,M-Khalifman, A, Hamburg 1991.}) 17. Re1 Rae8 18. Nf3 $1 $14 Rxe1+ 19.
Qxe1 h6 20. axb5 axb5 21. Ne5 {21. d2.} Re8 22. Qd1 Bxe5 23. dxe5 (23. Qxd3 $2
Bxg3 $19) 23... Qf5 (23... Rxe5 $2 24. Ra8+ Kh7 25. Qxd3+ $18) 24. Bxd5 cxd5
25. g4 $1 Qg6 26. Bf4 Qe4 27. h3 h5 28. Bg3 Be2 29. Qd4 $10 1/2-1/2

[Event "Munich SKA"]
[Site "Munich"]
[Date "1992.??.??"]
[Round "4"]
[White "Khalifman, Alexander"]
[Black "Wahls, Matthias"]
[Result "1/2-1/2"]
[WhiteElo "2625"]
[BlackElo "2570"]
[Annotator "Hansen,Cu"]
[PlyCount "120"]
[EventDate "1992.05.??"]
[EventType "tourn"]
[EventRounds "11"]
[EventCountry "GER"]
[EventCategory "14"]
[SourceTitle "CBM 030"]
[Source "ChessBase"]
[SourceDate "1992.10.01"]
[SourceVersion "1"]
[SourceVersionDate "1992.10.01"]
[SourceQuality "1"]

1. d4 Nf6 2. Nf3 g6 3. Bg5 Bg7 4. Nbd2 d6 5. e4 h6 6. Bh4 Nh5 7. c3 Nd7 8. Bc4
g5 9. Bg3 e6 10. Qe2 (10. Ng1 Nxg3 11. hxg3 Qe7 12. f4 c5 13. e5 cxd4 14. cxd4
dxe5 15. dxe5 Nb6 16. Qb3 Bd7 17. Ne4 O-O-O 18. Nd6+ Kb8 19. a4 Bc6 $15 {
Lukasiewicz-Cseshkovsky 1992}) (10. Nf1 Nxg3 11. hxg3 g4 12. Nh4 h5 13. f4 Nf6
14. Qd3 c6 15. d5 exd5 16. exd5 cxd5 17. Bb5+ Kf8 $13 {Dobosz,H-Jansa
Kopenhagen 1981}) 10... Qe7 (10... a6 $5 11. a4 b6 12. Nf1 Bb7 13. N3d2 Nf4 14.
Qf3 Ng6 $17 {Simic-Ciocaltea 1977}) 11. O-O-O a6 12. Nb3 {/\Nfd2} a5 {
/\a5-a4-a3} 13. a3 Nb6 14. Bb5+ c6 15. Bd3 {/\c3-c4-c5, ><d6} a4 16. Nbd2 Bd7
17. e5 (17. c4 $6 c5 {פd2,><d4}) 17... d5 18. Ne1 (18. h4 $6 Nxg3 19. fxg3 g4
20. Ne1 h5 $17 {/\Bh6,/^h6-c1}) 18... Nxg3 19. hxg3 $14 {(),ץd7} O-O-O 20. f4
{/\Ne1-c2,Rdf1,f4-f5} f5 21. exf6 Qxf6 22. Nef3 Rdf8 (22... gxf4 23. Ne5 $16 {
/\Rdf1}) 23. Ne5 Be8 24. Rdf1 (24. Ndf3 $5 gxf4 25. Nh4 fxg3 26. Nhg6 Bxg6 27.
Nxg6 $16) 24... Qe7 25. Qe3 Nd7 26. Ndf3 $16 Nxe5 27. Nxe5 Kc7 28. c4 $1 {
/\c4-c5,><a4} (28. Bc2 b5) 28... Bxe5 29. Qxe5+ (29. fxe5 Rxf1+ 30. Rxf1 Rf8
31. Rxf8 Qxf8 32. c5 $14 {><a4}) 29... Qd6 30. c5 Qxe5 31. fxe5 {/\32.Rxf8
Rxf8 33.Rxh6} h5 32. Kd2 $6 (32. Bc2 $1 Rxf1+ 33. Rxf1 h4 34. Rh1 (34. Kd2 hxg3
35. Rf3 Rh4 $13) 34... Rf8 35. gxh4 gxh4 36. Rxh4 Rf1+ 37. Bd1 $16) 32... b5
$14 33. Ke3 Kd8 34. Be2 Ke7 35. Rxf8 Kxf8 (35... Rxf8 36. Bxh5 Rh8 37. g4 $16 {
/\Rh3}) 36. Rf1+ Ke7 37. Bd3 (37. Rf6 h4 $132) 37... Rf8 $6 (37... h4 $10) 38.
Rf3 Rf7 39. Kd2 Kd8 40. Kc3 Kc7 41. Rf6 Rxf6 $8 42. exf6 Kd7 43. Kb4 Kc7 44.
Ka5 Kb7 45. Be2 Bf7 46. Bd1 Ka7 47. b3 axb3 48. Bxb3 Kb7 49. Bc2 Be8 50. Bb3
Bf7 51. Kb4 Be8 52. Bc2 Bf7 53. Bh7 Kc7 54. Ka5 Kb7 55. Bb1 Ka7 56. Ba2 Kb7 57.
Bb3 Ka7 58. Bd1 Kb7 59. Bf3 Ka7 60. Be2 Kb7 {Hansen,Cu} 1/2-1/2

[Event "Munich SKA"]
[Site "Munich"]
[Date "1992.??.??"]
[Round "7"]
[White "Khalifman, Alexander"]
[Black "Hansen, Curt"]
[Result "1/2-1/2"]
[WhiteElo "2625"]
[BlackElo "2620"]
[PlyCount "49"]
[EventDate "1992.05.??"]
[EventType "tourn"]
[EventRounds "11"]
[EventCountry "GER"]
[EventCategory "14"]
[SourceTitle "CBM 030"]
[Source "ChessBase"]
[SourceDate "1992.10.01"]
[SourceVersion "1"]
[SourceVersionDate "1992.10.01"]
[SourceQuality "1"]

1. d4 Nf6 2. c4 e6 3. Nc3 Bb4 4. e3 c5 5. Nge2 cxd4 6. exd4 O-O 7. a3 Be7 8. d5
exd5 9. cxd5 Re8 10. d6 Bf8 11. g3 b6 12. Bg2 Nc6 13. b4 Rb8 14. O-O h6 15. Bf4
Bb7 16. Nb5 g5 17. Be3 Re6 18. Ned4 Nxd4 19. Nxd4 Rxd6 20. Bxb7 Rxb7 21. Qf3
Qa8 22. Nb5 Rc6 23. Nd4 Rd6 24. Nb5 Rc6 25. Nd4 1/2-1/2

[Event "Brussels SWIFT blitz"]
[Site "Brussels"]
[Date "1992.??.??"]
[Round "?"]
[White "Lobron, Eric"]
[Black "Khalifman, Alexander"]
[Result "1-0"]
[WhiteElo "2575"]
[BlackElo "2625"]
[PlyCount "80"]
[EventDate "1992.07.??"]
[EventType "swiss (blitz)"]
[EventRounds "5"]
[EventCountry "BEL"]
[SourceTitle "CBM 029 Extra"]
[Source "ChessBase"]
[SourceDate "1992.09.01"]
[SourceVersion "1"]
[SourceVersionDate "1992.09.01"]
[SourceQuality "1"]

1. Nf3 d5 2. g3 Nf6 3. Bg2 c6 4. O-O Bg4 5. b3 Nbd7 6. Bb2 e6 7. c4 Bd6 8. Na3
O-O 9. Nc2 Bxf3 10. Bxf3 Be5 11. Qc1 Bxb2 12. Qxb2 e5 13. cxd5 cxd5 14. Ne3 e4
15. Bg2 Qb6 16. d3 Rac8 17. Rfd1 Qe6 18. dxe4 dxe4 19. Rd4 Nb8 20. Rad1 Qe5 21.
Qd2 Nc6 22. Rd6 h6 23. b4 Rfd8 24. a3 Rxd6 25. Qxd6 Qc3 26. Qc5 Qxc5 27. bxc5
Ne7 28. Rb1 Rc7 29. g4 Kf8 30. h4 Rxc5 31. Rxb7 Ned5 32. Nf5 Rc1+ 33. Kh2 Nxg4+
34. Kg3 Ngf6 35. Rb8+ Ne8 36. Bxe4 Rc3+ 37. e3 Ndf6 38. Bf3 Rxa3 39. Rb7 a5 40.
Be2 Rc3 $138 1-0